[Event "HUN-chT2 Charousek 1819"]
[Site "Hungary"]
[Date "2019.04.28"]
[Round "11.9"]
[White "Juhasz, Judit"]
[Black "Solty, Laszlo"]
[Result "0-1"]
[WhiteElo "1956"]
[BlackElo "2065"]
[PlyCount "84"]
[EventDate "2018.09.23"]
[EventType "team-tourn"]
[EventRounds "11"]
[EventCountry "HUN"]
[SourceTitle "EXT 2021"]
[Source "ChessBase"]
[SourceDate "2020.10.23"]
[SourceVersion "1"]
[SourceVersionDate "2020.10.23"]
[SourceQuality "1"]
[WhiteTeam "Tapolca Varosi"]
[BlackTeam "Komlo Banyasz"]
[WhiteTeamCountry "HUN"]
[BlackTeamCountry "HUN"]

1. e4 c5 2. Nf3 Nc6 3. d4 cxd4 4. Nxd4 Qb6 5. Nb3 e6 6. Be3 Qc7 7. a3 Nf6 8. Nc3 a6 9. Be2 Be7 10. f4 d6 11. Qd2 b5 12. g4 Bb7 13. g5 Nd7 14. Rf1 Nc5 15. Nd4 0-0-0 16. Bf3 g6 17. 0-0-0 Rhe8 18. f5 Ne5 19. Be2 Bf8 20. Kb1 Kb8 21. Bd3 Nc4 22. Bxc4 bxc4 23. fxe6 fxe6 24. Qg2 Bg7 25. Qg4 Be5 26. Rf2 Bc8 27. Qe2 d5 28. Rdf1 Bb7 29. exd5 exd5 30. Qg4 Qd7 31. Qh4 Ne4 32. Nxe4 dxe4 33. Rf7 Qc8 34. c3 Bd5 35. Rxh7 Rf8 36. Bf4 Bxf4 37. Rxf4 Ka8 38. Rxe4 Rde8 39. Ree7 Rxe7 40. Rxe7 Rf1+ 41. Ka2 Qb8 42. Qg3 Qb3+ 0-1

[Event "HUN-chT2 Charousek 1819"]
[Site "Hungary"]
[Date "2018.10.28"]
[Round "3.9"]
[White "Solty, Laszlo"]
[Black "Kovacs, Judit"]
[Result "1-0"]
[WhiteElo "2065"]
[BlackElo "2043"]
[PlyCount "59"]
[EventDate "2018.09.23"]
[EventType "team-tourn"]
[EventRounds "11"]
[EventCountry "HUN"]
[SourceTitle "CBM 189 Extra"]
[Source "ChessBase"]
[SourceDate "2019.06.03"]
[SourceVersion "1"]
[SourceVersionDate "2019.06.03"]
[SourceQuality "1"]
[WhiteTeam "Komlo Banyasz"]
[BlackTeam "Budapest HASE"]
[WhiteTeamCountry "HUN"]
[BlackTeamCountry "HUN"]

1. d4 d5 2. Nf3 Nf6 3. g3 c6 4. Bg2 Bf5 5. 0-0 e6 6. c4 Nbd7 7. Nc3 dxc4 8. a4 a5 9. Re1 Bb4 10. Bd2 0-0 11. Qc1 Nb6 12. e3 Qe7 13. e4 Bg6 14. Ne5 Rfd8 15. Bg5 h6 16. Bh4 Rxd4 17. Nxg6 fxg6 18. e5 g5 19. exf6 Qxf6 20. Bxg5 hxg5 21. Ne4 Qf5 22. Re2 g4 23. Qe3 e5 24. Rf1 Rad8 25. f3 Nd5 26. Qc1 Nc7 27. Ref2 Qg6 28. Qc2 Rxe4 29. fxe4 Bc5 30. Qxc4+ 1-0

[Event "HUN-chT2 Charousek 1415"]
[Site "Hungary"]
[Date "2015.03.01"]
[Round "7"]
[White "Solty, Laszlo"]
[Black "Havanecz, Bianka"]
[Result "1-0"]
[WhiteElo "2116"]
[BlackElo "2207"]
[PlyCount "75"]
[EventDate "2014.10.12"]
[EventType "team-tourn"]
[EventRounds "9"]
[EventCountry "HUN"]
[SourceTitle "EXT 2016"]
[Source "ChessBase"]
[SourceDate "2015.10.08"]
[SourceVersion "1"]
[SourceVersionDate "2015.10.08"]
[SourceQuality "1"]
[WhiteTeam "Komlo"]
[BlackTeam "Aquaprofit II"]
[WhiteTeamCountry "HUN"]
[BlackTeamCountry "HUN"]

1. e4 c5 2. Nf3 d6 3. d4 cxd4 4. Nxd4 Nf6 5. Nc3 a6 6. Be3 e5 7. Nb3 Be6 8. Qd2 Be7 9. f3 h5 10. 0-0-0 Nbd7 11. Qf2 b5 12. Kb1 Qc7 13. Nd5 Bxd5 14. exd5 0-0 15. h3 Nh7 16. g4 h4 17. Bd3 Rfc8 18. Rhg1 b4 19. g5 Nhf8 20. Rg4 a5 21. Nd2 Ng6 22. Rc1 Qb7 23. Qe2 Ndf8 24. Nc4 Re8 25. Nb6 Nf4 26. Bxf4 Qxb6 27. Be3 Qc7 28. Rxh4 g6 29. Rc4 Qd8 30. h4 Nd7 31. Rh1 Nb6 32. Bxb6 Qxb6 33. h5 Bxg5 34. hxg6 Ra7 35. Qh2 Kf8 36. Qh8+ Ke7 37. g7 Bf6 38. Qxe8+ 1-0

[Event "HUN-chT2 Charousek 1415"]
[Site "Hungary"]
[Date "2014.10.12"]
[Round "1"]
[White "Biro, Sandor"]
[Black "Solty, Laszlo"]
[Result "1-0"]
[WhiteElo "2273"]
[BlackElo "2116"]
[PlyCount "72"]
[EventDate "2014.10.12"]
[EventType "team-tourn"]
[EventRounds "9"]
[EventCountry "HUN"]
[SourceTitle "EXT 2016"]
[Source "ChessBase"]
[SourceDate "2015.10.08"]
[SourceVersion "1"]
[SourceVersionDate "2015.10.08"]
[SourceQuality "1"]
[WhiteTeam "SZASTE"]
[BlackTeam "Komlo"]
[WhiteTeamCountry "HUN"]
[BlackTeamCountry "HUN"]

1. e4 c5 2. Nf3 Nc6 3. c3 Nf6 4. e5 Nd5 5. d4 cxd4 6. cxd4 d6 7. Bc4 e6 8. 0-0 Nb6 9. Bb3 Be7 10. Qe2 0-0 11. Nc3 Nd7 12. Rd1 d5 13. Bc2 Re8 14. a3 Nf8 15. h4 f5 16. exf6 Bxf6 17. Bf4 a6 18. h5 Bd7 19. Bd6 Be7 20. Bf4 b5 21. b4 Rc8 22. Rac1 Qb6 23. Qe3 a5 24. Ne5 Nxe5 25. Bxe5 Bf6 26. Bxf6 gxf6 27. Qg3+ Kh8 28. h6 Re7 29. bxa5 Qxa5 30. Ne2 Qd8 31. Bd3 Qe8 32. Qd6 Rf7 33. Rxc8 Qxc8 34. Rc1 Qe8 35. Rc7 f5 36. Rb7 Qc8 1-0

[Event "HUN-chT2 Charousek 1314"]
[Site "Hungary"]
[Date "2013.09.22"]
[Round "2"]
[White "Solty, Laszlo"]
[Black "Zila, Laszlo"]
[Result "0-1"]
[WhiteElo "2112"]
[BlackElo "2259"]
[PlyCount "114"]
[EventDate "2013.09.08"]
[EventType "team-tourn"]
[EventRounds "11"]
[EventCountry "HUN"]
[SourceTitle "EXT 2016"]
[Source "ChessBase"]
[SourceDate "2015.10.08"]
[SourceVersion "1"]
[SourceVersionDate "2015.10.08"]
[SourceQuality "1"]
[WhiteTeam "Komlo Banyasz"]
[BlackTeam "Budapest HUSI"]
[WhiteTeamCountry "HUN"]
[BlackTeamCountry "HUN"]

1. e4 c5 2. Nf3 e6 3. d4 cxd4 4. Nxd4 Nf6 5. Bd3 Nc6 6. Nxc6 bxc6 7. 0-0 d5 8. e5 Nd7 9. f4 g6 10. Kh1 Be7 11. Be3 0-0 12. c4 Ba6 13. Qc2 Bc5 14. Bd2 Nb6 15. cxd5 Bxd3 16. Qxd3 cxd5 17. b3 Qe7 18. Nc3 Rfc8 19. Ne2 Nd7 20. Ng3 Bb4 21. Rac1 Ba3 22. Rb1 a5 23. Bc1 Rc7 24. Bd2 Qc5 25. Rfd1 Qc2 26. Be1 Qxd3 27. Rxd3 Bb4 28. Bxb4 axb4 29. Rd2 Rac8 30. h3 h5 31. h4 Rc3 32. Ne2 Re3 33. Nd4 Nc5 34. Rc2 Rc3 35. Rbb2 Nd3 36. Rxc3 Rxc3 37. Rd2 Nxf4 38. Nb5 Rc1+ 39. Kh2 Re1 40. Rd4 Re4 41. Rxe4 dxe4 42. Kg1 Nd3 43. Nd6 Nxe5 44. Nxe4 Nd3 45. Kf1 f5 46. Ng5 e5 47. Ke2 Nf4+ 48. Kf2 Nd5 49. Nf3 e4 50. Ne5 Kg7 51. Nc6 Kf6 52. Ke2 f4 53. Kf2 Kf5 54. g3 f3 55. Kf1 Kg4 56. Ne5+ Kxg3 57. Nxg6 Ne3+ 0-1

[Event "HUN-chT2 Charousek 1314"]
[Site "Hungary"]
[Date "2013.09.08"]
[Round "1"]
[White "Havanecz, Bianka"]
[Black "Solty, Laszlo"]
[Result "0-1"]
[WhiteElo "2154"]
[BlackElo "2112"]
[PlyCount "74"]
[EventDate "2013.09.08"]
[EventType "team-tourn"]
[EventRounds "11"]
[EventCountry "HUN"]
[SourceTitle "EXT 2016"]
[Source "ChessBase"]
[SourceDate "2015.10.08"]
[SourceVersion "1"]
[SourceVersionDate "2015.10.08"]
[SourceQuality "1"]
[WhiteTeam "Nagykanizsa II"]
[BlackTeam "Komlo Banyasz"]
[WhiteTeamCountry "HUN"]
[BlackTeamCountry "HUN"]

1. d4 Nf6 2. c4 g6 3. Nc3 d5 4. Nf3 Bg7 5. Bf4 0-0 6. e3 c5 7. Be2 Nc6 8. 0-0 cxd4 9. Nxd4 Nxd4 10. Qxd4 Be6 11. cxd5 Nxd5 12. Be5 Nxc3 13. bxc3 f6 14. Bg3 b6 15. Ba6 f5 16. Qb4 Qe8 17. Rfd1 Rd8 18. a4 Bf6 19. h3 Qc6 20. Rxd8 Rxd8 21. Rc1 Bd5 22. Bb5 Qa8 23. Bc4 Bxc4 24. Qxc4+ Qd5 25. Qc7 Qd7 26. Qxd7 Rxd7 27. c4 e5 28. c5 Rc7 29. c6 Kf7 30. f4 e4 31. Be1 Ke6 32. a5 Kd5 33. axb6 axb6 34. Rd1+ Kxc6 35. Bb4 Rd7 36. Rb1 Be7 37. Be1 Rd3 0-1

[Event "HUN-chT2 Asztalos 1213"]
[Site "Hungary"]
[Date "2013.02.17"]
[Round "7.3"]
[White "Solty, Laszlo"]
[Black "Kiss, Tamas B"]
[Result "0-1"]
[WhiteElo "2116"]
[BlackElo "1954"]
[PlyCount "102"]
[EventDate "2012.09.16"]
[EventType "team-tourn"]
[EventRounds "9"]
[EventCountry "HUN"]
[SourceTitle "EXT 2014"]
[Source "ChessBase"]
[SourceDate "2013.11.20"]
[SourceVersion "1"]
[SourceVersionDate "2013.11.20"]
[SourceQuality "1"]
[WhiteTeam "Komlo"]
[BlackTeam "Pecs Karmin"]
[WhiteTeamCountry "HUN"]
[BlackTeamCountry "HUN"]

1. e4 d6 2. d4 Nf6 3. Nc3 g6 4. g3 Bg7 5. Bg2 0-0 6. Nf3 Nc6 7. d5 Ne5 8. Nd4 c5 9. Nb3 a6 10. 0-0 b5 11. f4 Nc4 12. h3 Nd7 13. Qe2 b4 14. Nd1 a5 15. Nd2 Ndb6 16. Re1 Ba6 17. Nxc4 Nxc4 18. Qf3 a4 19. Rb1 Qa5 20. b3 axb3 21. Qxb3 Nb6 22. c3 Bc4 23. cxb4 Qa6 24. Qf3 Bxa2 25. Bf1 c4 26. Nc3 Bxb1 27. Nxb1 Qa2 28. Be3 Rfb8 29. e5 Qb3 30. Nd2 Qc3 31. b5 Ra2 32. Rd1 Ra3 33. Kf2 Nxd5 34. Nxc4 Nxe3 35. Qxe3 Qxe3+ 36. Nxe3 dxe5 37. Nd5 Kf8 38. Nb4 exf4 39. gxf4 Rb3 40. Nc6 Ra8 41. Rd2 Bh6 42. Nd4 Rba3 43. Ne2 Ra2 44. Rd4 Rb2 45. Rd5 Bxf4 46. Kf3 Bd6 47. Nd4 Ra3+ 48. Kg4 Rb4 49. Kg5 Kg7 50. Kg4 Rg3+ 51. Kh4 Ra3 0-1

[Event "HUN-chT2 Asztalos 1213"]
[Site "Hungary"]
[Date "2012.09.16"]
[Round "1.4"]
[White "Horvath, Attila"]
[Black "Solty, Laszlo"]
[Result "1/2-1/2"]
[WhiteElo "2139"]
[BlackElo "2153"]
[PlyCount "39"]
[EventDate "2012.09.16"]
[EventType "team-tourn"]
[EventRounds "9"]
[EventCountry "HUN"]
[SourceTitle "EXT 2014"]
[Source "ChessBase"]
[SourceDate "2013.11.20"]
[SourceVersion "1"]
[SourceVersionDate "2013.11.20"]
[SourceQuality "1"]
[WhiteTeam "Nagyatad"]
[BlackTeam "Komlo"]
[WhiteTeamCountry "HUN"]
[BlackTeamCountry "HUN"]

1. f4 d5 2. Nf3 Nf6 3. e3 g6 4. d4 Bg7 5. Be2 0-0 6. 0-0 c5 7. c3 Qc7 8. Ne5 Nfd7 9. Bf3 e6 10. b3 Rd8 11. Bb2 Qb6 12. Kh1 Nc6 13. Nd2 f6 14. Nxd7 Bxd7 15. dxc5 Qxc5 16. e4 Ne7 17. a4 Qc7 18. exd5 Nxd5 19. Bxd5 exd5 20. Qf3 1/2-1/2

[Event "HUN-chT2 Asztalos 1011"]
[Site "Hungary"]
[Date "2011.05.15"]
[Round "11.2"]
[White "Solty, Laszlo"]
[Black "Toth, David"]
[Result "1-0"]
[WhiteElo "2160"]
[BlackElo "2003"]
[PlyCount "75"]
[EventDate "2010.09.12"]
[EventType "team-tourn"]
[EventRounds "11"]
[EventCountry "HUN"]
[SourceTitle "EXT 2012"]
[Source "ChessBase"]
[SourceDate "2011.11.24"]
[SourceVersion "1"]
[SourceVersionDate "2011.11.24"]
[SourceQuality "1"]
[WhiteTeam "Komlo"]
[BlackTeam "Pecs Karmin"]
[WhiteTeamCountry "HUN"]
[BlackTeamCountry "HUN"]

1. e4 e5 2. Nf3 Nf6 3. Nxe5 d6 4. Nf3 Nxe4 5. d4 d5 6. Bd3 Bd6 7. 0-0 0-0 8. c4 c6 9. cxd5 cxd5 10. Nc3 Nxc3 11. bxc3 Nd7 12. Qc2 h6 13. Rb1 Nb6 14. Ne5 Qc7 15. f4 Nc4 16. Qb3 Nb6 17. a4 f6 18. a5 fxe5 19. axb6 Qc6 20. fxe5 Rxf1+ 21. Bxf1 Be7 22. Ra1 a6 23. c4 Be6 24. c5 Rf8 25. Ba3 Bg5 26. Be2 Rf4 27. Bb2 Qe8 28. Rf1 Qg6 29. Bf3 Bg4 30. Bxg4 Rxg4 31. Qxd5+ Kh7 32. Qf7 Be3+ 33. Kh1 Rxg2 34. Qxg6+ Rxg6 35. h3 Kg8 36. Rf3 Bd2 37. d5 Ba5 38. e6 1-0

[Event "HUN-chT2 Asztalos 1011"]
[Site "Hungary"]
[Date "2010.11.07"]
[Round "5.2"]
[White "Katona, Ferenc"]
[Black "Solty, Laszlo"]
[Result "1/2-1/2"]
[WhiteElo "2253"]
[BlackElo "2160"]
[PlyCount "62"]
[EventDate "2010.09.12"]
[EventType "team-tourn"]
[EventRounds "11"]
[EventCountry "HUN"]
[SourceTitle "EXT 2012"]
[Source "ChessBase"]
[SourceDate "2011.11.24"]
[SourceVersion "1"]
[SourceVersionDate "2011.11.24"]
[SourceQuality "1"]
[WhiteTeam "Dunajvaros"]
[BlackTeam "Komlo"]
[WhiteTeamCountry "HUN"]
[BlackTeamCountry "HUN"]

1. e4 d5 2. exd5 Nf6 3. d4 Nxd5 4. Nf3 g6 5. Bc4 Bg7 6. 0-0 0-0 7. c3 Nc6 8. Re1 e6 9. Nbd2 b6 10. Ne4 h6 11. h4 Nf6 12. Qc2 Bb7 13. Bd3 Ng4 14. Ng3 Ne7 15. h5 Nf5 16. hxg6 fxg6 17. Be4 Bd5 18. Nxf5 exf5 19. Bxd5+ Qxd5 20. Bf4 c6 21. Qb3 Rad8 22. Re6 Rf6 23. Re7 Rf7 24. Rae1 Qxb3 25. axb3 g5 26. Bc7 Rd7 27. Re8+ Rf8 28. Rxf8+ Kxf8 29. Be5 c5 30. dxc5 bxc5 31. Bxg7+ Kxg7 1/2-1/2

[Event "HUN-chT2 Asztalos 1011"]
[Site "Hungary"]
[Date "2010.10.10"]
[Round "3.2"]
[White "Mathe, Gaspar"]
[Black "Solty, Laszlo"]
[Result "1-0"]
[WhiteElo "2335"]
[BlackElo "2160"]
[PlyCount "87"]
[EventDate "2010.09.12"]
[EventType "team-tourn"]
[EventRounds "11"]
[EventCountry "HUN"]
[SourceTitle "EXT 2012"]
[Source "ChessBase"]
[SourceDate "2011.11.24"]
[SourceVersion "1"]
[SourceVersionDate "2011.11.24"]
[SourceQuality "1"]
[WhiteTeam "Nagyatad"]
[BlackTeam "Komlo"]
[WhiteTeamCountry "HUN"]
[BlackTeamCountry "HUN"]

1. e4 d5 2. exd5 Nf6 3. c4 c6 4. d4 cxd5 5. Nc3 Nc6 6. Nf3 e6 7. cxd5 Nxd5 8. Bd3 Be7 9. 0-0 Bf6 10. Be4 0-0 11. Qd3 g6 12. Bh6 Re8 13. Rfd1 Nce7 14. Ne5 Nf5 15. Bxf5 exf5 16. Qb5 Be6 17. Qxb7 Rb8 18. Qxa7 Rxb2 19. Na4 Rc2 20. Nc5 Qa8 21. Qxa8 Rxa8 22. Nxe6 fxe6 23. Rdc1 Rxc1+ 24. Rxc1 Bxe5 25. dxe5 Rxa2 26. Rc8+ Kf7 27. g3 Re2 28. Rf8+ Ke7 29. Rh8 Rxe5 30. Rxh7+ Kd6 31. Rg7 Re2 32. Rxg6 Nc3 33. h4 Nd1 34. Bf8+ Kd5 35. h5 Nxf2 36. Kf1 Ra2 37. h6 Ng4 38. h7 Nh2+ 39. Ke1 Nf3+ 40. Kd1 Nd4 41. h8Q Ra1+ 42. Kd2 Ra2+ 43. Kd3 Nf3 44. Rxe6 1-0